[Event "Asian Girls Chess Championship 2022"]
[Site "Knights Templar Hotel, Tagaytay City"]
[Date "2022.11.25"]
[Round "9"]
[Board "4"]
[White "Nurgali, Nazerke"]
[Black "Elisabeth, Christine"]
[Result "1-0"]
[WhiteElo "2197"]
[BlackElo "1825"]
[PlyCount "0"]
[EventDate "2022.11.19"]
[EventRounds "9"]
[EventCountry "ACF"]

1. d4 Nf6 2. c4 g6 3. Nc3 Bg7 4. e4 d6 5. Nf3 O-O 6. Be2 e5 7. dxe5 dxe5 8. Qxd8
Rxd8 9. Bg5 Nbd7 10. O-O-O Rf8 11. Nd2 Nc5 12. Be3 Ne6 13. Nb3 c6 14. f3 Nh5 15.
c5 Nef4 16. Bf1 Bf6 17. Na5 Rd8 18. Rxd8+ Bxd8 19. Nc4 Bc7 20. g3 Ne6 21. Bg2 Nf6
22. Rd1 Nd7 23. b4 a5 24. b5 Bd8 25. Bh3 Be7 26. Bxe6 fxe6 27. Nd6 Nf8 28. Na4 Bd8
29. Nc4 Nd7 30. bxc6 bxc6 31. Nxe5 Bg5 32. Bxg5 Nxe5 33. Nb6 Rb8 34. Rd8+ Kf7 35.
Rxc8 Rb7 36. Be3 Nxf3 37. Rxc6 Ne5 38. Rc8  1-0

[Event "Asian Girls Chess Championship 2022"]
[Site "Knights Templar Hotel, Tagaytay City"]
[Date "2022.11.25"]
[Round "9"]
[Board "5"]
[White "Calimbo, Marian"]
[Black "Serikbay, Assel"]
[Result "0-1"]
[WhiteElo "1611"]
[BlackElo "2250"]
[PlyCount "0"]
[EventDate "2022.11.19"]
[EventRounds "9"]
[EventCountry "ACF"]

1. d4 d5 2. Nc3 Nf6 3. Bg5 Nbd7 4. Qd3 c6 5. Nf3 h6 6. Bxf6 Nxf6 7. e4 dxe4 8. Nxe4
Nxe4 9. Qxe4 Qb6 10. O-O-O e6 11. Ne5 Be7 12. Bd3 Qc7 13. Rhe1 Bd7 14. f4 Rf8 15.
Kb1 O-O-O 16. c3 Kb8 17. Be2 Be8 18. Bf3 Bd6 19. g3 g5 20. f5 exf5 21. Qxf5 f6 22.
Nc4 Bf7 23. Nxd6 Qxd6 24. Re3 Rg8 25. Ka1 g4 26. Bg2 Rg5 27. Qf4 Qxf4 28. gxf4 Rf5
29. Rf1 Bc4 30. Rf2 c5 31. b3 cxd4 32. cxd4 Bd5 33. Bxd5 Rfxd5 34. h3 h5 35. hxg4
hxg4 36. Rg2 f5 37. Re5 Rxe5 38. dxe5 Rd1+ 39. Kb2 Rf1 40. Re2 Kc8 41. Kc3 Rxf4 42.
Rh2 g3 43. Rg2 Rg4 44. Kd3 Kd7 45. Ke3 Ke6 46. Kf3 Kxe5 47. Re2+ Kd4 48. Rd2+ Kc3
49. Rg2 b5 50. Ke3 b4 51. Kf3 Kd4  0-1

[Event "Asian Girls Chess Championship 2022"]
[Site "Knights Templar Hotel, Tagaytay City"]
[Date "2022.11.25"]
[Round "9"]
[Board "6"]
[White "Chua, Jia-Tien"]
[Black "Bhagyashree, Patil"]
[Result "0-1"]
[WhiteElo "1858"]
[BlackElo "1921"]
[PlyCount "0"]
[EventDate "2022.11.19"]
[EventRounds "9"]
[EventCountry "ACF"]

1. e4 c5 2. c3 d5 3. exd5 Qxd5 4. d4 Nf6 5. Nf3 Bg4 6. Be2 e6 7. O-O Nc6 8. Be3 Rd8
9. Na3 cxd4 10. Nb5 Qd7 11. Nfxd4 Bxe2 12. Qxe2 a6 13. Nxc6 Qxc6 14. Nd4 Qc7 15.
Rfe1 Be7 16. Nf5 O-O 17. Nxe7+ Qxe7 18. Bb6 Rd5 19. c4 Rf5 20. Rad1 h5 21. a3 Rc8
22. b4 Qe8 23. Rd6 Rf4 24. Rd4 Rf5 25. Red1 Qc6 26. Bc5 Kh7 27. h3 b6 28. Rd6 Qe4
29. Qxe4 Nxe4 30. Rxb6 Nxc5 31. bxc5 Rcxc5 32. Rxa6 Rxc4 33. Rad6 Ra5 34. R1d3 Rf5
35. R6d4 Rcc5 36. g3 g5 37. a4 e5 38. Rd5 Rc4 39. a5 Ra4 40. f3 Ra2 41. g4 Rf6 42.
Rxe5 Rc6 43. Rd1 Rcc2 44. Rxg5 Rg2+ 45. Kh1 Rh2+ 46. Kg1 Rhg2+ 47. Kh1 h4 48. Rh5+
Kg6 49. Rxh4 Kg5 50. f4+ Kxh4 51. a6 Kxh3 52. Rd3+ Rg3  0-1

[Event "Asian Girls Chess Championship 2022"]
[Site "Knights Templar Hotel, Tagaytay City"]
[Date "2022.11.25"]
[Round "9"]
[Board "7"]
[White "Susmita, Bhowmick"]
[Black "Dhea, Safitri"]
[Result "0-1"]
[WhiteElo "1331"]
[BlackElo "1787"]
[PlyCount "0"]
[EventDate "2022.11.19"]
[EventRounds "9"]
[EventCountry "ACF"]

1. d4 d5 2. Nf3 Nf6 3. e3 e6 4. Bd3 c5 5. b3 cxd4 6. exd4 Bd6 7. Bb2 O-O 8. Nbd2
b6 9. O-O Ba6 10. Ne5 Bxd3 11. cxd3 Nfd7 12. Qg4 f5 13. Qe2 Bxe5 14. dxe5 Nc6 15.
Rac1 Rc8 16. d4 Qe7 17. Qa6 Ndb8 18. Qa4 Qb7 19. b4 b5 20. Qb3 Nd7 21. Nf3 Nb6 22.
Ra1 Qe7 23. Nd2 Rfd8 24. a3 Nc4 25. Nf3 a6 26. Rfd1 Rd7 27. Ne1 f4 28. Nd3 f3 29.
Ne1 fxg2 30. Nxg2 Qg5 31. Bc1 Qg6 32. Qg3 Qh5 33. Rd3 Rf7 34. Nf4 Qf5 35. Qh3 Qxh3
36. Nxh3 Rcf8 37. Be3 h6 38. Kh1 Rf3 39. Ng1 R3f5 40. Ne2 Kh7 41. Ng3 Rf3 42. Rg1
g6 43. Ne2 Ne7 44. Rg3 R3f7 45. Rh3 Nxe3 46. Rhxe3 Rxf2 47. Ng3 h5 48. Rc3 h4 49.
Rc7 R8f7 50. Ne2 Kh6 51. Kg1 Rf1+ 52. Kg2 R7f2+ 53. Kh3 Nf5  0-1

[Event "Asian Girls Chess Championship 2022"]
[Site "Knights Templar Hotel, Tagaytay City"]
[Date "2022.11.25"]
[Round "9"]
[Board "10"]
[White "Cruz, Daniella Bianca"]
[Black "Tan, Mary Joy"]
[Result "0-1"]
[WhiteElo "1233"]
[BlackElo "1751"]
[PlyCount "0"]
[EventDate "2022.11.19"]
[EventRounds "9"]
[EventCountry "ACF"]

1. e4 c5 2. Nf3 a6 3. a4 Nc6 4. g3 Nf6 5. d3 e6 6. Nc3 d6 7. Bg2 Be7 8. O-O O-O 9.
h3 Qc7 10. Nh2 b6 11. f4 Bb7 12. g4 Nd7 13. Ne2 b5 14. axb5 axb5 15. Be3 Nb6 16.
Ng3 d5 17. exd5 Nxd5 18. Bd2 Bd6 19. Ne4 Rxa1 20. Qxa1 Bxf4 21. Bxf4 Nxf4 22. Nxc5
Ne2+ 23. Kh1 Ng3+ 24. Kg1 Nxf1 25. Qxf1 Ba8 26. Nf3 Ne5 27. d4 Nxf3+ 28. Bxf3 Qg3+
29. Bg2 Qe3+ 30. Kh1 Qxh3+ 31. Kg1 Qxg4 32. c3 b4 33. Nd7 Qxg2+ 34. Qxg2 Bxg2 35.
Kxg2 Rc8 36. Nc5 bxc3 37. bxc3 Kf8 38. Kf3 Ke7 39. Ke4 Kd7 40. c4+ Kc6 41. Ke5 h5
 0-1